Statistiken für Länder, die mit D beginnen

Klicken Sie hier um das Quiz zu spielen!

Allgemein

  • Dieses Quiz wurde 19 mal gespielt
    (2 seit der letzten Aktualisierung)
  • Das Durchschnittsergebnis liegt bei 4 aus 6

Antwortstatistiken

Land% Korrekt
Dänemark
100%
Demokratische Republik {Kongo}
100%
Deutschland
100%
Dschibuti
50%
Dominica
0%
Dominikanische Republik
0%

Verteilung der Resultate

Perzentil nach korrekt beantworteten Fragen

Anzahl Personen mit jedem Resultat

Ihre Resultats-Entwicklung

Sie haben dieses Quiz seit der letzten Aktualisierung nicht gespielt